Excuse me, I'll feel that again (Record no. 74261)

MARC details
000 -LEADER
fixed length control field 01089cab a2200217 4500
001 - CONTROL NUMBER
control field ABS67586
008 - FIXED-LENGTH DATA ELEMENTS--GENERAL INFORMATION
fixed length control field 040311n2004 000 0 eng u
035 ## - SYSTEM CONTROL NUMBER
System control number (Sirsi) u125405
245 ## - TITLE STATEMENT
Title Excuse me, I'll feel that again
260 ## - PUBLICATION, DISTRIBUTION, ETC.
Date of publication, distribution, etc. 2004
490 ## - SERIES STATEMENT
Series statement Building Engineer
Volume/sequential designation 79(3) March 2004, 20-21(2)
520 ## - SUMMARY, ETC.
Summary, etc. Concentrates on the aspects of the Disability Discrimination Act 1995 which concern visually impaired disabled people. Points out that a relatively small percentage of them can read Braille, so using the system for signage may not be appropriate. Recommends the use of alternative systems, such as low vision aids. Concludes modern designers need to consider practical technological solutions to access problems, which comply with legislation.
590 ## - LOCAL NOTE (RLIN)
Local note ABS
650 ## - SUBJECT ADDED ENTRY--TOPICAL TERM
Topical term or geographic name entry element MANAGEMENT-BUSINESS MANAGEMENT-DISCRIMINATION-DISABILITY DISCRIMINATION-ACCESSIBILITY
650 ## - SUBJECT ADDED ENTRY--TOPICAL TERM
Topical term or geographic name entry element DISABILITY DISCRIMINATION ACT 1995
650 ## - SUBJECT ADDED ENTRY--TOPICAL TERM
Topical term or geographic name entry element SIGNS
650 ## - SUBJECT ADDED ENTRY--TOPICAL TERM
Topical term or geographic name entry element BRAILLE SIGNS
650 ## - SUBJECT ADDED ENTRY--TOPICAL TERM
Topical term or geographic name entry element VISUALLY IMPAIRED PEOPLE
690 ## - LOCAL SUBJECT ADDED ENTRY--TOPICAL TERM (OCLC, RLIN)
Topical term or geographic name as entry element BUILT ENVIRONMENT-BUILDING STANDARDS
942 ## - ADDED ENTRY ELEMENTS (KOHA)
Suppress in OPAC 0
Holdings
Withdrawn status Lost status Source of classification or shelving scheme Damaged status Not for loan Home library Current library Shelving location Date acquired Total Checkouts Full call number Barcode Date last seen Copy number Price effective from Koha item type
    Dewey Decimal Classification     London London Journal article 11/03/2004   ABS67586 125405-1001 06/08/2019 1 06/08/2019 Journal article